[Event "XXVI Memorial Edoardo Crespi A"]
[Site "Milano ITA"]
[Date "2005.12.08"]
[Round "2"]
[White "Bonazzi, Edoardo"]
[Black "Fezza, Davide"]
[Result "1-0"]
[WhiteElo "2161"]
[BlackElo "2033"]
[PlyCount "55"]
[EventDate "2005.12.07"]

1. Nf3 Nf6 2. c4 d6 3. g3 e5 4. Nc3 c6 5. Bg2 g6 6. O-O Bg7 7. d3 O-O 8. Rb1 a5
9. a3 Ne8 10. b4 d5 11. cxd5 cxd5 12. Qb3 d4 13. Bg5 Qd7 14. Nd5 a4 15. Qa2 Qe6
16. Be7 h6 17. Nd2 Nc7 18. Bxf8 Kxf8 19. Qc4 Ne8 20. Qc5+ Kg8 21. Ne7+ Kh7 22.
Bd5 Qd7 23. Qxc8 Qxe7 24. Qxb7 Nc7 25. Rbc1 Nba6 26. b5 Nc5 27. Qc6 Rd8 28.
Rxc5 1-0

[Event "XXVI Memorial Edoardo Crespi A"]
[Site "Milano ITA"]
[Date "2005.12.08"]
[Round "2"]
[White "Bosi, Clint"]
[Black "Nannelli, Paolo"]
[Result "0-1"]
[WhiteElo "2027"]
[BlackElo "2172"]
[PlyCount "90"]
[EventDate "2005.12.07"]

1. e4 e6 2. d4 d5 3. Nc3 dxe4 4. Nxe4 Bd7 5. Nf3 Bc6 6. Bd3 Nd7 7. O-O Ngf6 8.
Re1 Be7 9. c3 Nxe4 10. Bxe4 Bxe4 11. Rxe4 Nf6 12. Re2 O-O 13. Bf4 c6 14. Qb3
Qb6 15. Qxb6 axb6 16. a3 b5 17. Rae1 Nd5 18. Bg3 Rfd8 19. Ne5 Rac8 20. Re4 f5
21. Nxc6 Rxc6 22. Rxe6 Rxe6 23. Rxe6 Kf7 24. Re5 g6 25. f4 Bf6 26. Re2 Re8 27.
Kf2 h5 28. Rxe8 Kxe8 29. Kf3 Kd7 30. Be1 Ke6 31. g3 Nb6 32. Bd2 Kd5 33. b3 Nc8
34. Ke3 Be7 35. Kd3 Nb6 36. h4 Bxa3 37. Be1 Be7 38. Bf2 Bf6 39. Be1 Nc8 40. Ke3
Nd6 41. Kd3 b6 42. Ke3 Nb7 43. Kd3 Na5 44. b4 Nc4 45. Bf2 Nd6 0-1

[Event "XXVI Memorial Edoardo Crespi A"]
[Site "Milano ITA"]
[Date "2005.12.08"]
[Round "2"]
[White "Candura, Stefano"]
[Black "Fiorili, Roberto"]
[Result "0-1"]
[WhiteElo "2039"]
[BlackElo "1963"]
[PlyCount "88"]
[EventDate "2005.12.07"]

1. d4 Nf6 2. Nf3 e6 3. e3 c5 4. Bd3 Nc6 5. O-O d5 6. b3 Bd6 7. Bb2 O-O 8. Nbd2
Re8 9. Ne5 cxd4 10. exd4 Qc7 11. f4 Nb4 12. Bb5 Bd7 13. Bxd7 Nxd7 14. c4 f6 15.
Nxd7 Qxd7 16. Qf3 Qf7 17. c5 Bc7 18. a3 Nc6 19. Rae1 Re7 20. Qg4 Rae8 21. Bc3
Qg6 22. Qxg6 hxg6 23. b4 e5 24. fxe5 fxe5 25. dxe5 Nxe5 26. Bd4 Ng4 27. Rxe7
Bxh2+ 28. Kh1 Rxe7 29. Nf3 Bg3 30. Rd1 Re2 31. Rd2 Rxd2 32. Nxd2 Kf7 33. Kg1
Ke6 34. Bxg7 Be5 35. Bxe5 Nxe5 36. Kf2 d4 37. Ke2 Kd5 38. a4 Nc6 39. b5 Nb4 40.
Nb3 Kc4 41. Na5+ Kc3 42. c6 bxc6 43. Nxc6 d3+ 44. Kd1 Nd5 0-1

[Event "XXVI Memorial Edoardo Crespi A"]
[Site "Milano ITA"]
[Date "2005.12.08"]
[Round "2"]
[White "Canova, Luca"]
[Black "Bernago, Federico"]
[Result "1-0"]
[WhiteElo "2103"]
[BlackElo "1981"]
[PlyCount "79"]
[EventDate "2005.12.07"]

1. e4 c5 2. Nc3 e6 3. Nf3 a6 4. d4 cxd4 5. Nxd4 Qc7 6. g3 Nf6 7. Bg2 d6 8. O-O
Nbd7 9. Re1 g6 10. a4 e5 11. Nb3 b6 12. Be3 Bb7 13. h3 Bg7 14. Qd2 O-O 15. Rad1
Ne8 16. Bh6 Rc8 17. h4 Ndf6 18. Bh3 Rd8 19. Bxg7 Kxg7 20. Bg2 h6 21. Qe2 Nh5
22. Rd2 Kh7 23. Red1 Nhf6 24. Rd3 Kg7 25. Nd2 Bc6 26. Nf1 b5 27. axb5 axb5 28.
Ne3 b4 29. Ncd5 Bxd5 30. Nxd5 Nxd5 31. exd5 Rc8 32. c3 b3 33. h5 Nf6 34. hxg6
fxg6 35. Bh3 Rb8 36. Be6 Qc4 37. Qe3 Ng4 38. Qa7+ Kh8 39. Rf3 Qe2 40. Bxg4 1-0

[Event "XXVI Memorial Edoardo Crespi A"]
[Site "Milano ITA"]
[Date "2005.12.08"]
[Round "2"]
[White "Capata, Ion"]
[Black "Bevilacqua, Maurizio"]
[Result "1-0"]
[WhiteElo "2090"]
[BlackElo "2172"]
[PlyCount "93"]
[EventDate "2005.12.07"]

1. e4 c5 2. c3 e5 3. d4 cxd4 4. cxd4 exd4 5. Qxd4 Nc6 6. Qd1 Nf6 7. Bd3 d5 8.
exd5 Qxd5 9. Qf3 Bb4+ 10. Bd2 Bg4 11. Qxd5 Nxd5 12. h3 Bh5 13. g4 Bg6 14. Bxg6
hxg6 15. Ne2 O-O-O 16. Nbc3 Nxc3 17. Bxc3 Rhe8 18. Kf1 Bxc3 19. Nxc3 Rd2 20.
Rb1 Nb4 21. Kg2 Nd3 22. Rhf1 Nxb2 23. Rfc1 Kb8 24. Re1 Rc8 25. Ne4 Rdc2 26. Nd6
Rd8 27. Nxf7 Rdd2 28. Re8+ Kc7 29. Re7+ Kc6 30. Ne5+ Kd6 31. Nxg6 Rxf2+ 32. Kg3
Rg2+ 33. Kh4 Rc7 34. Rbe1 Rxe7 35. Rxe7 Kc6 36. Rxg7 a5 37. Ne5+ Kd5 38. Ng6
Kc6 39. Ne5+ Kd5 40. Nf3 b5 41. g5 a4 42. g6 Ke4 43. Ne1 Rg1 44. Kh5 Nc4 45.
Re7+ Kf4 46. Rf7+ Ke5 47. Nf3+ 1-0

[Event "XXVI Memorial Edoardo Crespi A"]
[Site "Milano ITA"]
[Date "2005.12.08"]
[Round "2"]
[White "Carraminana Lopez, Luis Antonio"]
[Black "Casartelli, Fabio"]
[Result "1/2-1/2"]
[WhiteElo "2072"]
[BlackElo "1977"]
[PlyCount "56"]
[EventDate "2005.12.07"]

1. e4 e5 2. Nf3 Nf6 3. Nxe5 d6 4. Nf3 Nxe4 5. Nc3 Nxc3 6. dxc3 Be7 7. Bd3 Nc6
8. Bf4 O-O 9. Qd2 Re8 10. O-O-O Bf6 11. Rde1 Be6 12. a3 Qd7 13. Ng5 Bxg5 14.
Bxg5 Bf5 15. Rxe8+ Rxe8 16. Re1 Bxd3 17. Rxe8+ Qxe8 18. cxd3 f6 19. Qe3 Qg6 20.
Bf4 Kf7 21. Qe4 f5 22. Qd5+ Qe6 23. Qxe6+ Kxe6 24. Kd2 h6 25. h4 Ne5 26. Bxe5
Kxe5 27. Ke3 f4+ 28. Kf3 Kf5 1/2-1/2

[Event "XXVI Memorial Edoardo Crespi A"]
[Site "Milano ITA"]
[Date "2005.12.08"]
[Round "2"]
[White "Cartella, Giovanni"]
[Black "Brugo, Marco"]
[Result "1-0"]
[WhiteElo "1937"]
[BlackElo "2036"]
[PlyCount "53"]
[EventDate "2005.12.07"]

1. d4 e6 2. Nf3 f5 3. Bf4 Nf6 4. e3 b6 5. Bd3 Bb7 6. Nbd2 Be7 7. c3 O-O 8. Qc2
Nh5 9. h4 Nxf4 10. exf4 c5 11. dxc5 Bxc5 12. Rg1 Nc6 13. g4 Qc7 14. gxf5 Qxf4
15. O-O-O Rac8 16. fxe6 Nb4 17. Bxh7+ Kh8 18. Qg6 Qf6 19. Qxf6 Rxf6 20. exd7
Nxa2+ 21. Kb1 Nxc3+ 22. bxc3 Rd8 23. Ng5 Rxd7 24. Nde4 Bxe4+ 25. Bxe4 Rfd6 26.
Rxd6 Bxd6 27. Rd1 1-0

[Event "XXVI Memorial Edoardo Crespi A"]
[Site "Milano ITA"]
[Date "2005.12.08"]
[Round "2"]
[White "Cazzaniga, Walter"]
[Black "Pace, Pietro Dario"]
[Result "0-1"]
[WhiteElo "2104"]
[BlackElo "2233"]
[PlyCount "132"]
[EventDate "2005.12.07"]

1. d4 Nf6 2. c4 g6 3. Nc3 d5 4. Nf3 Bg7 5. Qb3 dxc4 6. Qxc4 O-O 7. e4 Na6 8.
Be2 c5 9. d5 e6 10. O-O exd5 11. exd5 Bf5 12. Bf4 Rc8 13. Rfd1 Re8 14. d6 Nb4
15. Rac1 a6 16. Bg5 Qd7 17. a3 b5 18. Qh4 Ne4 19. axb4 Nxc3 20. bxc3 Rxe2 21.
Be7 Re4 22. Qg5 cxb4 23. cxb4 Rxc1 24. Rxc1 Rxb4 25. h3 Rc4 26. Re1 h6 27. Qd2
Rc7 28. Rc1 Rc4 29. Re1 Rc2 30. Qd5 Be6 31. Qe4 Rc4 32. Qa8+ Rc8 33. Qxa6 b4
34. Qb6 b3 35. Ne5 Qe8 36. f4 Rb8 37. Qc6 b2 38. Qxe8+ Rxe8 39. Rb1 Rb8 40. d7
Bxd7 41. Ba3 Be6 42. Rxb2 Ra8 43. Bd6 Ra6 44. Bc5 g5 45. Rb8+ Kh7 46. Rb7 Ra5
47. Bd6 Rd5 48. Bb8 Rd8 49. Nxf7 Bxf7 50. Rxf7 Rxb8 51. fxg5 hxg5 52. h4 Kg6
53. Rc7 Bd4+ 54. Kf1 Rf8+ 55. Ke2 gxh4 56. Rc4 Rf4 57. Kd3 Kg5 58. Rc8 Rg4 59.
Rf8 Bf6 60. Ke3 Bg7 61. Rg8 Kf5 62. Kf3 Rg3+ 63. Ke2 Rxg2+ 64. Kf1 Rg6 65. Ra8
h3 66. Ra3 h2 0-1

[Event "XXVI Memorial Edoardo Crespi A"]
[Site "Milano ITA"]
[Date "2005.12.08"]
[Round "2"]
[White "Cereda, Loris"]
[Black "Piantoni, Pierino"]
[Result "1/2-1/2"]
[WhiteElo "2044"]
[BlackElo "1974"]
[PlyCount "136"]
[EventDate "2005.12.07"]

1. d4 d5 2. e3 Nf6 3. Bd3 Nc6 4. c3 e5 5. dxe5 Nxe5 6. Be2 c6 7. Nf3 Bd6 8.
Nbd2 Ng6 9. O-O O-O 10. c4 Be6 11. b3 Qe7 12. Qc2 Rad8 13. Bb2 Bb8 14. Rad1
Rfe8 15. Bd3 Bg4 16. h3 Bc8 17. Rfe1 Ne4 18. Nxe4 dxe4 19. Bxe4 Rxd1 20. Rxd1
Be6 21. Bf5 Qc7 22. Qc3 f6 23. Bxe6+ Rxe6 24. Qd4 Rd6 25. Qxd6 Qxd6 26. Rxd6
Bxd6 27. Kf1 Kf7 28. Ke2 Ne7 29. e4 g6 30. g3 h6 31. Nd4 Be5 32. f4 Bxd4 33.
Bxd4 b6 34. g4 c5 35. Bc3 h5 36. Ke3 hxg4 37. hxg4 Nc6 38. e5 f5 39. gxf5 gxf5
40. a3 a5 41. Kf3 Ke6 42. Ke3 Kf7 43. Kd3 Ke6 44. Bd2 Nd4 45. b4 axb4 46. axb4
Ke7 47. Be3 Ne6 48. Kc3 Kd7 49. bxc5 bxc5 50. Kd3 Kc7 51. Ke2 Kb6 52. Bd2 Kc6
53. Ke3 Kb6 54. Bc3 Kc6 55. Kf3 Kd7 56. Bd2 Ke7 57. Kg3 Kf7 58. Be3 Kg6 59. Kh4
Kh6 60. Bc1 Kg6 61. Be3 Kh6 62. Kg3 Kg6 63. Kf3 Kf7 64. Bf2 Kf8 65. Ke3 Ke8 66.
Kd2 Kd7 67. Be3 Kc7 68. Kc3 Kc6 1/2-1/2

[Event "XXVI Memorial Edoardo Crespi A"]
[Site "Milano ITA"]
[Date "2005.12.08"]
[Round "2"]
[White "Cervini, Gian Piero"]
[Black "Bettini, Massimo"]
[Result "0-1"]
[WhiteElo "2028"]
[BlackElo "1923"]
[PlyCount "58"]
[EventDate "2005.12.07"]

1. e4 e5 2. Nf3 Nc6 3. d4 exd4 4. Bc4 Nf6 5. O-O Bc5 6. e5 d5 7. exf6 dxc4 8.
fxg7 Rg8 9. Bh6 Be6 10. Ng5 Qd5 11. Re1 O-O-O 12. Nd2 Bb4 13. a3 Bxd2 14. Qxd2
Qf5 15. Qe2 Bd5 16. Qh5 Ne5 17. f3 Ng6 18. g4 Qxc2 19. Nxh7 Nh4 20. Qxh4 Qxh7
21. g5 Be6 22. Qf2 Rd5 23. Rad1 Rxg7 24. Bxg7 Rxg5+ 25. Kh1 Qxg7 26. Qxd4 Bd5
27. Re8+ Kd7 28. Re5 Rxe5 29. Qxc4 Re1+ 0-1

[Event "XXVI Memorial Edoardo Crespi A"]
[Site "Milano ITA"]
[Date "2005.12.08"]
[Round "2"]
[White "Crimi, Alessandro"]
[Black "Mazzariol, Oscar"]
[Result "1-0"]
[WhiteElo "1940"]
[BlackElo "2065"]
[PlyCount "91"]
[EventDate "2005.12.07"]

1. d4 Nf6 2. c4 g6 3. Nc3 Bg7 4. e4 d6 5. f4 O-O 6. Nf3 c5 7. d5 e6 8. Be2 exd5
9. cxd5 a6 10. a4 Re8 11. e5 dxe5 12. fxe5 Ng4 13. Bg5 f6 14. exf6 Bxf6 15.
Bxf6 Qxf6 16. O-O Ne3 17. Qd2 Nxf1 18. Rxf1 Bf5 19. Bc4 Qd6 20. Qh6 Nd7 21. Ng5
Nf6 22. g4 Bxg4 23. Rxf6 Qxf6 24. d6+ Be6 25. Bxe6+ Rxe6 26. Qxh7+ Kf8 27.
Nxe6+ Qxe6 28. Qh8+ Qg8 29. Qe5 Qc4 30. Qe7+ Kg8 31. Ne4 Qd4+ 32. Kg2 Qxb2+ 33.
Kg3 Rf8 34. d7 Qb3+ 35. Kh4 Qf7 36. Nf6+ Kg7 37. Ne8+ Kg8 38. Qxf7+ Kxf7 39.
d8=Q Rxe8 40. Qd5+ Kf6 41. Qxb7 Re6 42. Qd5 c4 43. Qxc4 Kf5 44. Qg4+ Ke5 45.
Kg5 Kd5 46. Qxe6+ 1-0

[Event "XXVI Memorial Edoardo Crespi A"]
[Site "Milano ITA"]
[Date "2005.12.08"]
[Round "2"]
[White "D'Alfonso, Nicola"]
[Black "Zanetti, Alberto"]
[Result "0-1"]
[WhiteElo "2098"]
[BlackElo "2219"]
[PlyCount "94"]
[EventDate "2005.12.07"]

1. e4 d5 2. exd5 c6 3. d4 cxd5 4. c4 Nf6 5. Nc3 Nc6 6. Be3 g6 7. cxd5 Nxd5 8.
Qb3 Nxe3 9. fxe3 Bh6 10. Kf2 O-O 11. Nf3 Bg4 12. Qd5 Qc8 13. Bc4 Nb4 14. Qb5
Bxf3 15. Qxb4 Bxg2 16. Kxg2 Bxe3 17. Be2 Qd8 18. d5 f5 19. h4 Rf6 20. Rh3 Rb6
21. Qc4 Rc8 22. Qd3 Bh6 23. Rb1 Bg7 24. h5 Rb4 25. hxg6 hxg6 26. a3 Rb6 27. Na4
Rd6 28. Bf3 e5 29. Qb3 e4 30. Be2 f4 31. Qxb7 Rc2 32. Rbh1 Qg5+ 33. Kf1 Rc1+
34. Bd1 Rxd1+ 35. Kf2 Rxh1 36. Qc8+ Qd8 37. Qxd8+ Rxd8 38. Rxh1 Rxd5 39. Ke2 g5
40. Rg1 Kf7 41. Rc1 Bd4 42. Rc7+ Ke6 43. b4 f3+ 44. Ke1 e3 45. Nc5+ Bxc5 46.
bxc5 e2 47. Rc6+ Kd7 0-1

[Event "XXVI Memorial Edoardo Crespi A"]
[Site "Milano ITA"]
[Date "2005.12.08"]
[Round "2"]
[White "D'Apa, Matteo"]
[Black "Frova, Martino"]
[Result "1-0"]
[WhiteElo "2004"]
[BlackElo "1899"]
[PlyCount "45"]
[EventDate "2005.12.07"]

1. d4 Nf6 2. c4 g6 3. Nc3 Bg7 4. e4 d6 5. f3 O-O 6. Be3 Nc6 7. Qd2 a6 8. O-O-O
Rb8 9. Nge2 e5 10. g4 Bd7 11. d5 Ne7 12. Bh6 b5 13. h4 b4 14. Nb1 Bxg4 15. Bxg7
Kxg7 16. fxg4 Nxe4 17. Qe3 Nf6 18. Bh3 c6 19. dxc6 Nxc6 20. h5 Qc7 21. Nd2 d5
22. Qg5 dxc4 23. h6+ 1-0

[Event "XXVI Memorial Edoardo Crespi A"]
[Site "Milano ITA"]
[Date "2005.12.08"]
[Round "2"]
[White "Di Marco, Ruggero"]
[Black "Giannetta, Paolo"]
[Result "0-1"]
[WhiteElo "1922"]
[BlackElo "2039"]
[PlyCount "40"]
[EventDate "2005.12.07"]

1. d4 g6 2. c4 f5 3. Nc3 Nf6 4. h4 Bg7 5. h5 gxh5 6. e4 fxe4 7. Rxh5 d6 8. Rh4
Bf5 9. g4 Bg6 10. g5 Nfd7 11. Nxe4 Nc6 12. d5 Nce5 13. Nh3 Nf8 14. Ng3 Qd7 15.
Nh5 Bxh5 16. Qxh5+ Neg6 17. Nf4 Qf5 18. Bd3 Qe5+ 19. Be3 O-O-O 20. Nxg6 Nxg6
0-1

[Event "XXVI Memorial Edoardo Crespi A"]
[Site "Milano ITA"]
[Date "2005.12.08"]
[Round "2"]
[White "Facchetti, Gianni"]
[Black "Del Rey, Diego"]
[Result "0-1"]
[WhiteElo "2123"]
[BlackElo "2425"]
[PlyCount "85"]
[EventDate "2005.12.07"]

1. e4 c5 2. Nf3 d6 3. d4 cxd4 4. Qxd4 a6 5. Be3 e5 6. Qd2 Nf6 7. Nc3 Be7 8. h3
O-O 9. Bg5 Nbd7 10. Bd3 b5 11. Ne2 Nc5 12. Ng3 Bb7 13. Qe2 d5 14. Bxf6 Bxf6 15.
O-O d4 16. Qd2 Rc8 17. Rfe1 g6 18. b3 Qd6 19. a4 Nxd3 20. cxd3 Rc3 21. axb5
axb5 22. Reb1 Rfc8 23. Ne1 Qe6 24. b4 Be7 25. Qa2 Qd7 26. Qb2 Bg5 27. Ne2 R3c7
28. Ra2 f5 29. Nf3 Bf6 30. Nd2 Kh8 31. f3 Qe7 32. Rc1 Bg5 33. Rxc7 Rxc7 34. Nf1
fxe4 35. fxe4 Qf6 36. Nh2 Be3+ 37. Kh1 Qf2 38. Nf3 Bc8 39. Neg1 Qf1 40. Ra1
Qxd3 41. Nxe5 Qxe4 42. Ng4 Rc2 43. Ra8 0-1

[Event "XXVI Memorial Edoardo Crespi A"]
[Site "Milano ITA"]
[Date "2005.12.08"]
[Round "2"]
[White "Fossati, Remigio"]
[Black "Bonade', Massimo"]
[Result "1/2-1/2"]
[WhiteElo "2178"]
[BlackElo "2070"]
[PlyCount "107"]
[EventDate "2005.12.07"]

1. d4 d5 2. c4 e6 3. Nf3 Nf6 4. Nc3 Be7 5. Bf4 O-O 6. e3 c5 7. dxc5 Bxc5 8. a3
Nc6 9. Qc2 Be7 10. O-O-O Qa5 11. g4 dxc4 12. Bxc4 e5 13. g5 exf4 14. gxf6 Bxf6
15. Nd5 Ne7 16. Nxf6+ gxf6 17. e4 Be6 18. Bxe6 fxe6 19. Qb3 Qc5+ 20. Kb1 Qc6
21. Rhe1 Qb6 22. Qxb6 axb6 23. Rd7 Kf7 24. Red1 Rab8 25. R1d6 Ke8 26. Rc7 e5
27. Rxb6 Kd8 28. Rcxb7 Rxb7 29. Rxb7 Rg8 30. Rb6 Rg6 31. Rd6+ Kc7 32. Rd2 Rh6
33. Rc2+ Kb6 34. b4 Nc6 35. Kb2 Rh3 36. Rc3 h5 37. Rb3 Nd8 38. a4 Nf7 39. Nd2
Rxh2 40. Nc4+ Kc7 41. b5 Rxf2+ 42. Ka3 Rg2 43. a5 Rg3 44. a6 Rxb3+ 45. Kxb3 Kb8
46. b6 Nd8 47. Nd2 h4 48. Kc4 h3 49. Nf1 f5 50. exf5 e4 51. f6 e3 52. Kd3 Nf7
53. Nh2 Ne5+ 54. Ke2 1/2-1/2

[Event "XXVI Memorial Edoardo Crespi A"]
[Site "Milano ITA"]
[Date "2005.12.08"]
[Round "2"]
[White "Gandolfi, Gianfranco"]
[Black "Brigati, Alessandro"]
[Result "0-1"]
[WhiteElo "1901"]
[BlackElo "2006"]
[PlyCount "88"]
[EventDate "2005.12.07"]

1. e4 d6 2. d4 Nf6 3. Nc3 g6 4. f4 Bg7 5. Nf3 O-O 6. Bd3 Bg4 7. O-O Nc6 8. Be3
Nd7 9. e5 Nb6 10. h3 Bxf3 11. Qxf3 e6 12. Ne4 d5 13. Nc5 Rb8 14. c3 Nd7 15.
Nxd7 Qxd7 16. g4 f5 17. gxf5 gxf5 18. Bb5 a6 19. Bxc6 Qxc6 20. Qe2 Kh8 21. Kh2
Qd7 22. Rg1 Qf7 23. Rg2 Rg8 24. Rag1 Bh6 25. Rxg8+ Rxg8 26. Rxg8+ Kxg8 27. Qf3
Qg6 28. Bf2 Kf8 29. Bh4 Ke8 30. Bg3 Kd7 31. Qd1 Kc8 32. Qf3 Kb8 33. Qe2 Qe8 34.
Kg2 Ka7 35. a3 Kb6 36. c4 dxc4 37. Qxc4 Qc6+ 38. Qxc6+ Kxc6 39. Kf2 Kd5 40. Ke3
Kc4 41. Be1 c6 42. Bc3 Bf8 43. Kd2 Kb3 44. Kc1 Bxa3 0-1

[Event "XXVI Memorial Edoardo Crespi A"]
[Site "Milano ITA"]
[Date "2005.12.08"]
[Round "2"]
[White "Jara, Erik"]
[Black "Salmoiraghi, Angelo"]
[Result "1-0"]
[WhiteElo "2139"]
[BlackElo "1959"]
[PlyCount "91"]
[EventDate "2005.12.07"]

1. c4 e5 2. Nc3 Nc6 3. Nf3 g6 4. e3 Bg7 5. d4 exd4 6. exd4 Nf6 7. d5 Qe7+ 8.
Be2 Ne5 9. O-O d6 10. Nxe5 dxe5 11. b3 O-O 12. a4 Re8 13. Ba3 Qd8 14. Qd2 Bf5
15. Rae1 Qd7 16. Bd3 Bxd3 17. Qxd3 Nh5 18. Ne4 Nf4 19. Qf3 b6 20. g3 Nh5 21.
Bc1 h6 22. g4 f5 23. gxh5 fxe4 24. Rxe4 Rf8 25. Qg2 g5 26. h4 g4 27. Rxg4 Kh8
28. Rg6 Rf6 29. Bxh6 Rxg6 30. Qxg6 Bxh6 31. Qxh6+ Qh7 32. Qxh7+ Kxh7 33. Re1
Re8 34. Re4 Kh6 35. f4 Rg8+ 36. Kf2 exf4 37. Rxf4 Kxh5 38. b4 Rg7 39. c5 bxc5
40. bxc5 Rd7 41. Rd4 a5 42. Ke3 Rf7 43. Kd3 Rf3+ 44. Kc4 Ra3 45. Kb5 Rc3 46. d6
1-0

[Event "XXVI Memorial Edoardo Crespi A"]
[Site "Milano ITA"]
[Date "2005.12.08"]
[Round "2"]
[White "Kopischke, Maik"]
[Black "Nardone, Massimo"]
[Result "1-0"]
[WhiteElo "2007"]
[BlackElo "1910"]
[PlyCount "75"]
[EventDate "2005.12.07"]

1. d4 f5 2. Qd3 g6 3. Bf4 Nf6 4. Nc3 Bg7 5. e4 fxe4 6. Nxe4 Nxe4 7. Qxe4 d5 8.
Qe3 Bf5 9. c3 Nd7 10. Nf3 Rc8 11. Nh4 O-O 12. Nxf5 Rxf5 13. Bd3 Rf7 14. b4 Qf8
15. Qe6 Nb6 16. O-O Kh8 17. Bg3 Rf6 18. Qe2 c6 19. Bh4 Rf7 20. a4 Bf6 21. Bg3
Bg7 22. Qe6 Re8 23. Qh3 Kg8 24. Qe6 Kh8 25. a5 Nc8 26. a6 Rf6 27. Qh3 b6 28.
Be5 Kg8 29. Bxf6 Qxf6 30. Rae1 c5 31. bxc5 bxc5 32. Qe6+ Qxe6 33. Rxe6 cxd4 34.
cxd4 Bxd4 35. Bb5 Rf8 36. Bd7 Bc5 37. Rc6 Nb6 38. Be6+ 1-0

[Event "XXVI Memorial Edoardo Crespi A"]
[Site "Milano ITA"]
[Date "2005.12.08"]
[Round "2"]
[White "Magrini, Fabrizio"]
[Black "Van Hoolandt, Patrick"]
[Result "1/2-1/2"]
[WhiteElo "2067"]
[BlackElo "2185"]
[PlyCount "72"]
[EventDate "2005.12.07"]

1. e4 e5 2. Nf3 Nc6 3. Bc4 Bc5 4. d4 exd4 5. O-O d6 6. c3 Bg4 7. Qb3 Bxf3 8.
Bxf7+ Kf8 9. Bxg8 Rxg8 10. gxf3 Bb6 11. Kh1 Qh4 12. Qe6 Re8 13. Qf5+ Qf6 14.
Qxf6+ gxf6 15. Bf4 dxc3 16. Nxc3 Nd4 17. Be3 Nxf3 18. Bxb6 axb6 19. Rad1 f5 20.
exf5 Rg5 21. Rd3 Rxf5 22. Nd5 Re4 23. Nxc7 Rh4 24. Kg2 Nxh2 25. Rh1 Rfh5 26.
Rg3 Ng4 27. Rf3+ Ke7 28. Rxh4 Rxh4 29. Kg3 Ne5 30. Nd5+ Ke8 31. Re3 Rg4+ 32.
Kh3 Rd4 33. Nf6+ Kf7 34. Nxh7 Kg6 35. Nf8+ Kf7 36. Nh7 Kg6 1/2-1/2

[Event "XXVI Memorial Edoardo Crespi A"]
[Site "Milano ITA"]
[Date "2005.12.08"]
[Round "2"]
[White "Martinez, Rolly"]
[Black "Barberi, Alessandro"]
[Result "0-1"]
[WhiteElo "2409"]
[BlackElo "2110"]
[PlyCount "74"]
[EventDate "2005.12.07"]

1. c4 g6 2. Nc3 Bg7 3. e4 e5 4. Nge2 d6 5. d4 Nd7 6. Be3 Ne7 7. Qd2 h6 8. O-O-O
f5 9. f4 exf4 10. Nxf4 Nf6 11. exf5 Bxf5 12. Bd3 g5 13. Nfd5 Nfxd5 14. Nxd5
Bxd3 15. Qxd3 O-O 16. h4 Nxd5 17. cxd5 g4 18. Kb1 Qd7 19. Rdf1 Rae8 20. Rxf8+
Rxf8 21. Rc1 Re8 22. Rc3 Qf7 23. a4 a5 24. Qb5 b6 25. Ka1 Re4 26. Qc4 Qe8 27.
Bf2 Re2 28. Bg3 Rxg2 29. Qxc7 Rxg3 30. Rxg3 Qe1+ 31. Ka2 Qxg3 32. Qc8+ Bf8 33.
Qe6+ Kh8 34. Qf6+ Bg7 35. Qg6 Qf4 36. h5 g3 37. Qe8+ Bf8 0-1

[Event "XXVI Memorial Edoardo Crespi A"]
[Site "Milano ITA"]
[Date "2005.12.08"]
[Round "2"]
[White "Massironi, Marco"]
[Black "Salvador, Roland"]
[Result "0-1"]
[WhiteElo "2112"]
[BlackElo "2397"]
[PlyCount "64"]
[EventDate "2005.12.07"]

1. e4 c5 2. Nf3 Nc6 3. d4 cxd4 4. Nxd4 Nf6 5. Nc3 e5 6. Ndb5 d6 7. Nd5 Nxd5 8.
exd5 Nb8 9. Qf3 Be7 10. Qc3 Na6 11. Be3 Bf5 12. Nxa7 Nc7 13. Qb3 O-O 14. Be2
Be4 15. c4 Bxg2 16. Rg1 Be4 17. Qxb7 Rb8 18. Qc6 Ne6 19. Qa4 Nd4 20. Bxd4 exd4
21. Nc6 Qd7 22. Qa3 Ra8 23. Qg3 Bf6 24. Qf4 Bg6 25. Kd2 Rfe8 26. Bd3 Qb7 27. b4
Ra3 28. Bxg6 hxg6 29. Rg3 Be5 30. Qe4 f5 31. Rxa3 fxe4 32. Ra7 e3+ 0-1

[Event "XXVI Memorial Edoardo Crespi A"]
[Site "Milano ITA"]
[Date "2005.12.08"]
[Round "2"]
[White "Pattarello, Pierluigi"]
[Black "Iudicello, Giovanni"]
[Result "0-1"]
[WhiteElo "1969"]
[BlackElo "2154"]
[PlyCount "98"]
[EventDate "2005.12.07"]

1. d4 Nf6 2. c4 g6 3. Nc3 Bg7 4. e4 d6 5. f4 O-O 6. Nf3 c5 7. dxc5 Qa5 8. Bd3
Qxc5 9. Qe2 Nc6 10. Be3 Qa5 11. O-O Bg4 12. a3 Rfc8 13. b4 Qd8 14. Rad1 Qf8 15.
h3 Bxf3 16. Rxf3 Nd7 17. Qd2 a5 18. b5 Nd4 19. Bxd4 Bxd4+ 20. Kh1 Bxc3 21. Qxc3
Qg7 22. Be2 Rc7 23. g4 Qxc3 24. Rxc3 Rac8 25. Kg2 Nb6 26. Kf2 Rc5 27. Rdc1 e6
28. Rd1 d5 29. exd5 exd5 30. Bf3 R8c7 31. Ke2 dxc4 32. Rd8+ Kg7 33. Rb8 Re7+
34. Re3 Rxe3+ 35. Kxe3 c3 36. Be4 c2 37. Bxc2 Rxc2 38. Rxb7 Nd5+ 39. Ke4 Nf6+
40. Kd4 Ra2 41. Ra7 Rxa3 42. b6 Rxh3 43. g5 Ne8 44. Rxa5 Rb3 45. Kc5 h5 46.
gxh6+ Kxh6 47. Rb5 Rxb5+ 48. Kxb5 Nd6+ 49. Kc6 Nc4 0-1

[Event "XXVI Memorial Edoardo Crespi A"]
[Site "Milano ITA"]
[Date "2005.12.08"]
[Round "2"]
[White "Ramiro Ovejero, Juan Luis"]
[Black "Bozzali, Ermanno"]
[Result "1/2-1/2"]
[WhiteElo "2332"]
[BlackElo "2108"]
[PlyCount "128"]
[EventDate "2005.12.07"]

1. e4 c5 2. Nf3 d6 3. Bb5+ Nd7 4. O-O a6 5. Bxd7+ Bxd7 6. d4 cxd4 7. Qxd4 Nf6
8. Bg5 Bc6 9. Nc3 Qa5 10. Rfe1 Qc5 11. Qxc5 dxc5 12. e5 Nd5 13. e6 f6 14. Be3
Nxe3 15. Rxe3 g6 16. Rd3 Rd8 17. Rad1 Rxd3 18. Rxd3 Bh6 19. Nd5 Bc1 20. b3 Kf8
21. c4 Bb2 22. Rd2 Ba3 23. Kf1 Rg8 24. Ke2 Bc1 25. Rd3 Bb2 26. Kd1 Rg7 27. Kc2
Ba3 28. Nd2 Rg8 29. f3 f5 30. g4 Bb4 31. Nxb4 cxb4 32. Rd8+ Kg7 33. Rxg8+ Kxg8
34. g5 Kf8 35. Kd3 Ke8 36. Kd4 Kd8 37. Kc5 Kc7 38. Kxb4 Kd6 39. f4 Kxe6 40. Kc5
Kd7 41. Kd4 b6 42. b4 Bg2 43. a4 a5 44. bxa5 bxa5 45. Nb3 Bc6 46. Nxa5 Bxa4 47.
c5 Bb5 48. Kd5 Ba4 49. h4 Bd1 50. Ke5 Bf3 51. Nb3 Be2 52. Nd4 Bc4 53. h5 gxh5
54. c6+ Kc7 55. Nxf5 Kxc6 56. Nxe7+ Kd7 57. Nf5 Bd3 58. Kf6 Bxf5 59. Kxf5 Kd6
60. Ke4 h4 61. Kf3 Kd5 62. Kg4 Ke4 63. f5 h3 64. Kxh3 Kxf5 1/2-1/2

[Event "XXVI Memorial Edoardo Crespi A"]
[Site "Milano ITA"]
[Date "2005.12.08"]
[Round "2"]
[White "Ranfagni, Stefano"]
[Black "Regorda, Vittorio"]
[Result "0-1"]
[WhiteElo "1981"]
[BlackElo "1938"]
[PlyCount "112"]
[EventDate "2005.12.07"]

1. e4 e6 2. d4 d5 3. Nd2 c5 4. c3 cxd4 5. cxd4 dxe4 6. Nxe4 Nc6 7. Nf3 Qa5+ 8.
Nc3 Nf6 9. Bd2 Qd8 10. Bb5 Bd7 11. Be3 a6 12. Ba4 Bb4 13. O-O b5 14. Bb3 Ne7
15. Ne5 Bxc3 16. bxc3 Rc8 17. Rc1 a5 18. a3 O-O 19. Qd3 Nfd5 20. Bd2 Be8 21.
Bc2 Ng6 22. Qh3 Qh4 23. Qxh4 Nxh4 24. Bd3 f6 25. Ng4 h5 26. Ne3 Nf4 27. Nf5
Nxd3 28. Ne7+ Kf7 29. Nxc8 Nxc1 30. Nd6+ Ke7 31. Nxe8 Ne2+ 32. Kh1 Rxe8 33. Re1
Nxd4 34. cxd4 a4 35. Rc1 Kd7 36. Bf4 e5 37. dxe5 fxe5 38. Rd1+ Kc6 39. Rc1+ Kd5
40. Be3 Rb8 41. Rc5+ Ke4 42. g3 Nf3 43. Kg2 g5 44. h3 g4 45. h4 Nd4 46. Kf1 Rb7
47. Ke1 Rb8 48. Kd1 Rd8 49. Ke1 Rd5 50. Rxd5 Kxd5 51. Kd2 Kc4 52. Kd1 Nc2 53.
Kd2 Nxe3 54. Kxe3 b4 55. Kd2 bxa3 56. Kc2 e4 0-1

[Event "XXVI Memorial Edoardo Crespi A"]
[Site "Milano ITA"]
[Date "2005.12.08"]
[Round "2"]
[White "Ranola, Yves"]
[Black "Tencati, Giuseppe"]
[Result "1-0"]
[WhiteElo "2455"]
[BlackElo "2132"]
[PlyCount "57"]
[EventDate "2005.12.07"]

1. Nf3 d5 2. g3 Nf6 3. Bg2 c6 4. c4 Bf5 5. cxd5 cxd5 6. Qb3 Qc8 7. Nc3 e6 8. d3
Nc6 9. O-O Be7 10. Re1 Bg6 11. e4 d4 12. Nb5 e5 13. Nxe5 Nxe5 14. Bf4 Nc6 15.
e5 Nd7 16. Nd6+ Bxd6 17. exd6+ Kf8 18. Rac1 h5 19. Re7 Kg8 20. Be4 Nxe7 21.
Rxc8+ Rxc8 22. dxe7 Bxe4 23. dxe4 Nc5 24. Qd5 Ne6 25. Be5 h4 26. Bxd4 Nxd4 27.
Qxd4 hxg3 28. hxg3 f6 29. Qd5+ 1-0